000 00528nam a2200133 4500
999 _c14310
_d14310
008 190911b ||||| |||| 00| 0 eng d
082 _aDPer 050 T48 Apr-June 2016 v. 187 n. 12-24
100 _939505
_aBremmer, Ian.
245 _aThe historic concord between the U.S. and Europe made the west safe and rich. Now it's in danger of collapse/
_cIan Bremmer.
260 _aHong Kong:
_bTime Asia,
_cc2016.
300 _av187 n24, pages 34-37:
_billustrations;
_c27 cm.
650 _aInternational relations.
_940191
942 _2ddc
_cPER